Statistics for F1 Driver Numbers 2022

Click here to take the quiz!

General Stats

  • This quiz has been taken 2,150 times
    (2,112 since last reset)
  • The average score is 17 of 21

Answer Stats

HintAnswer% Correct
Max Verstappen1
100%
Daniel Ricciardo3
99%
Lando Norris4
99%
Sebastian Vettel5
97%
Lewis Hamilton44
95%
Nicholas Laifi6
95%
Charles Leclerc16
94%
Sergio Perez11
92%
Carlos Sainz Jr.55
87%
Pierre Gasly10
82%
George Russell63
80%
Valtteri Bottas77
80%
Fernando Alonso14
76%
Yuki Tsunoda22
76%
Alex Albon23
73%
Lance Stroll18
67%
Kevin Magnussen20
63%
Mick Schumacher47
62%
Guanyu Zhou24
59%
Esteban Ocon31
55%
Robert Kubica88
25%

Score Distribution

Percentile by Number Answered

Percent of People with Each Score

Your Score History

You have not taken this quiz since the last reset